000 00311nam a2200109Ia 4500
008 171204s9999 xx 000 0 und d
245 _aSecrets of Backyard Bird Photography:
245 _cJ. Chris Hansen
260 _c2014
650 _xBasic Photography
856 _uhttp://down.ebook777.com/041/1937538559.pdf
999 _c346258
_d346258